Across The Universe The Beatles/Fiona Apple (Guess the Lyrics - Statistics

General Stats
  • This quiz has been taken 59 times
  • The average score is 131 of 204
Answer Stats
Answer % Correct
a
100%
the
100%
across
95%
are
95%
universe
95%
like
90%
paper
90%
cup
85%
into
85%
words
85%
rain
83%
flowing
80%
my
80%
out
80%
they
80%
change
78%
endless
78%
gonna
78%
nothing's
78%
of
78%
world
78%
and
73%
open
70%
sorrow,
70%
joy
68%
mind
68%
waves
68%
as
65%
me
65%
jai
63%
away
60%
guru
60%
through
60%
slip
58%
deva,
55%
deva
55%
pools
55%
drifting
53%
om
50%
slither
50%
way
50%
make
48%
their
48%
caressing
43%
million
43%
on
43%
inviting
38%
possessing
38%
opened
35%
eyes
33%
call
30%
letterbox
30%
inciting
28%
thoughts
28%
which
28%
wildly
28%
love
25%
suns
25%
wind
25%
before
23%
blindly
23%
broken
23%
inside
23%
light
23%
limitless
23%
laughter
20%
undying
20%
around
18%
ears
18%
images
18%
restless
18%
shades
18%
sounds
18%
tumble
18%
dance
15%
meander
15%
shines
15%
it
13%
ringing
13%
calls
10%
life
10%
No matching quizzes found
Score Distribution
Percent of People with Each Score
Percentile by Number Answered
Your Score History
You have not taken this quiz